Global economic prospects : managing growth in a volatile world.
| Format: | Book |
|---|---|
| Published: |
Washington D.C:
The World Bank,
2012.
|
| Subjects: |
| LEADER | 00529cam a2200145 7i4500 | ||
|---|---|---|---|
| 001 | 0000028565 | ||
| 005 | 20121101090000.0 | ||
| 090 | 0 | 0 | |a I 330.9172 |b GLO |
| 245 | 0 | 0 | |a Global economic prospects : |b managing growth in a volatile world. |
| 260 | 0 | 0 | |a Washington D.C: |b The World Bank, |c 2012. |
| 300 | # | # | |a 155 p. |
| 650 | 0 | 0 | |a Developing countries -- |x Economic conditions |
| 650 | 0 | 0 | |a International economic relations |
| 650 | 0 | 0 | |a Economic forecasting -- |x Developing countries |
| 999 | |a 0000031336 |b Book |c International |e Business Information Centre | ||